喜歡大東西的國王

資料類型: Book 圖書   書目號:51133

Leader xxxxxxxxxx
001 __ 102470/5/01
005 __ 20170410105903.530
010 0_ |a978-986-479-109-5|b精裝|d新臺幣300元
042 __ |anbim
100 __ |a20170410d2017    k  y0chiy50      e
101 0_ |achi
102 __ |atw
105 __ |aa   z   000fy
200 1_ |a喜歡大東西的國王|f安野光雅文.圖|g陳珊珊譯
205 __ |a第一版
210 __ |a臺北市|c遠見天下文化|d2017[民106]
215 0_ |a1冊|c|d28公分
225 12 |a繪本館|v157
527 11 |aれれわス パソソ エわス れよイネ|zjpn
700 _1 |a安野|b光雅|4文.圖
702 _1 |a|b珊珊|4681 __ |a859.6|b8366
801 _0 |atw|bLibDipper|c20170410|gCCR
詳細館藏(共 1 筆)
索 書 號登 錄 號冊次號館別 / 館藏地流通類型狀態加入預約清單電子資源
859.6 / 8366 1024705  圖書館 / 二樓繪本專區 可外借30天 在館   

| 條列資料




目錄查詢 分類查詢 個人資料 圖書薦購 新書查詢 閉館日 排行榜 更多電子資源 Hami書城 線上資料庫 登出

From : 216.73.216.116

  本日流通累計至 17:43:19 借閱 : 9 次 續借 : 0 次 歸還 : 10 次 預約 : 0 次 電子資源 : 0 次


內湖高中圖書館  PCLIS 版本  25.5.0.2